বাংলাদেশের আর্থ-সামাজিক উন্নয়নে বেসরকারী সংস্থাসমূহের কার্যক্রম : (Record no. 79513)
[ view plain ]
| 000 -LEADER | |
|---|---|
| fixed length control field | 02028nam a2200277 a 4500 |
| 001 - CONTROL NUMBER | |
| RUCL Control Number | 79513 |
| 003 - CONTROL NUMBER IDENTIFIER | |
| rucl marc code | BD-RjUL |
| 005 - DATE AND TIME OF LATEST TRANSACTION | |
| control field | 20220508143726.0 |
| 008 - FIXED-LENGTH DATA ELEMENTS--GENERAL INFORMATION | |
| fixed length control field | 220308s2008 bg a|||| m||| 00| 0 ben d |
| 035 ## - SYSTEM CONTROL NUMBER | |
| system control number | (BD-RjUL)79513 |
| 040 ## - CATALOGING SOURCE | |
| Original cataloging agency | BD-RjUL |
| Language of cataloging | ben/eng |
| Transcribing agency | BD-RjUL |
| Modifying agency | BD-RjUL |
| 041 ## - LANGUAGE CODE | |
| Language code of Book | ben |
| 082 ## - DEWEY DECIMAL CLASSIFICATION NUMBER | |
| DDC Edition number | 23 |
| Classification number | 361.76095492 |
| Author mark and Year | ISB 2008 |
| 100 ## - MAIN ENTRY--PERSONAL NAME | |
| Personal name | ইসলাম, এ. কে. এম আমিনুল |
| 9 (RLIN) | 1743 |
| 245 10 - TITLE STATEMENT | |
| Title | বাংলাদেশের আর্থ-সামাজিক উন্নয়নে বেসরকারী সংস্থাসমূহের কার্যক্রম : |
| Remainder of title | প্রেক্ষিত পীরগাছা উপজেলা / |
| Statement of responsibility, etc | এ. কে. এম আমিনুল ইসলাম ; |
| Name of Supervisor/Co-Supervisor | গবেষণা তত্ত্বাবধায়ক : মো: মাহফুজুর রহমান |
| 260 ## - PUBLICATION, DISTRIBUTION, ETC. (IMPRINT) | |
| Place of publication, distribution, etc | রাজশাহী : |
| Name of publisher, distributor, etc | ইসলামের ইতিহাস ও সংস্কৃতি বিভাগ,রাজশাহী বিশ্ববিদ্যালয় |
| Date of publication, distribution, etc | ২০০৮ |
| 300 ## - PHYSICAL DESCRIPTION | |
| Pagination | [৩], xv, ২৬২ পাতা : |
| Other physical details | চিএ, ; |
| Dimensions | ২৯ সেমি. |
| 502 ## - DISSERTATION NOTE | |
| Dissertation note | থিসিস (এম. ফিল.)--ইসলামের ইতিহাস ও সংস্কৃতি বিভাগ,রাজশাহী বিশ্ববিদ্যালয়,২০০৮ |
| 504 ## - BIBLIOGRAPHY, ETC. NOTE | |
| Bibliography, etc | গ্রন্থপঞ্জি : পাতা ২৪৮-২৫৩ |
| 650 ## - SUBJECT ADDED ENTRY--TOPICAL TERM | |
| Topical term or geographic name as entry element | বেসরকারী সংস্থা |
| Geographic subdivision | বাংলাদেশ |
| -- | পীরগাছা উপজেলা |
| 9 (RLIN) | 1744 |
| Topical term or geographic name as entry element | Non-governmental organizations |
| Geographic subdivision | Bangladesh. |
| -- | Pirgachha Upazila |
| 9 (RLIN) | 2807 |
| Topical term or geographic name as entry element | বেসরকারী সংস্থা |
| Geographic subdivision | বাংলাদেশ |
| General subdivision | সরকারী নীতি। |
| 9 (RLIN) | 2808 |
| Topical term or geographic name as entry element | Non-governmental organizations |
| Geographic subdivision | Bangladesh |
| General subdivision | Government policy. |
| 9 (RLIN) | 2809 |
| 700 ## - ADDED ENTRY--SUPERVISOR/CO-SUPERVISOR NAME | |
| Personal name | রহমান, মো মাহফুজুর, গবেষণা তত্ত্বাবধায়ক |
| 9 (RLIN) | 1746 |
| 942 ## - ADDED ENTRY ELEMENTS (KOHA) | |
| Source of classification or shelving scheme | Dewey Decimal Classification |
| Koha item type | Theses |
| Source of classification or shelving scheme | Damaged status | Not for loan | Collection code | Permanent Location | Current Location | Shelving location | Date of accession | Source of acquisition | Full call number | Barcode | Date last seen | Copy number | Thesis |
|---|---|---|---|---|---|---|---|---|---|---|---|---|---|
| Dewey Decimal Classification | Not For Loan | Theses | Central Library, University of Rajshahi | Central Library, University of Rajshahi | Documentation Section | 12/08/2009 | Controller of Exam. R.U. | BTHE 361.76095492 ISB 2008 | D2970 | 08/03/2022 | C-1 | Theses |